000 00678nam a2200253Ia 4500
001 8369
005 20240113234106.0
007 ta
008 050719s 199 a g b000 u eng u
020 _cPB
040 _aCotton College Assam
041 _aeng
082 _a950
_bJa 33 Mo
100 _aJayapalan, N. .
245 0 _aModern Asia Since 1900 /
_cN. Jayapalan.
_hTextual Documents
260 _aNew Delhi :
_bAtlantic Publishers ,
_cC 1999.
300 _aviii, 165p. :
_bill. ;
_c22cm. .
504 _aIndex
653 _aHistory, Modern Asia Since 1900
653 _aAsia , Since 1900
942 _2ddc
_cBK
999 _c8356
_d8356